[Event "36th Zalakaros Festival 2017"]
[Site "Zalakaros"]
[Date "2017.05.25"]
[Round "8"]
[White "Rakesh Kumar Jena"]
[Black "Szukics, Adam"]
[Result "0-1"]
[WhiteElo "2288"]
[BlackElo "2229"]
[Annotator "NA"]
[PlyCount "80"]
[EventDate "2017.??.??"]
[EventType "swiss"]
[EventCountry "HUN"]
[SourceTitle "playchess.com"]
[Source "ChessBase"]
[SourceQuality "1"]
[TimeControl "40/5400+30:1800+30"]

1. Nf3 {[%emt 0:01:14]} Nf6 {[%emt 0:01:55]} 2. g3 {[%emt 0:00:07]} d5 {[%emt 0:00:56]} 3. Bg2 {[%emt 0:00:02]} e6 {[%emt 0:01:42]} 4. O-O {[%emt 0:00:10]} Be7 {[%emt 0:00:02]} 5. c4 {[%emt 0:00:23]} O-O {[%emt 0:00:06]} 6. b3 {[%emt 0:03:17]} b6 {[%emt 0:00:12]} 7. Bb2 {[%emt 0:00:07]} Bb7 {[%emt 0:00:04]} 8. Ne5 {[%emt 0:02:56]} c5 {[%emt 0:01:06]} 9. Nc3 {[%emt 0:09:39]} Nbd7 {[%emt 0:16:58]} 10. f4 {[%emt 0:01:45]} Qc8 {[%emt 0:16:42]} 11. cxd5 {[%emt 0:06:22]} Nxe5 {[%emt 0:06:01]} 12. fxe5 {[%emt 0:02:05]} Nxd5 {[%emt 0:00:04]} 13. Ne4 {[%emt 0:02:20]} Qd7 {[%emt 0:07:10]} 14. e3 {[%emt 0:03:03]} Nb4 {[%emt 0:10:58]} 15. Nf6+ {[%emt 0:01:28]} Bxf6 {[%emt 0:00:45]} 16. exf6 {[%emt 0:01:05]} g6 {[%emt 0:00:18]} 17. Qg4 {[%emt 0:01:25]} h6 {[%emt 0:03:01]} 18. Bxb7 {[%emt 0:03:07]} Qxb7 {[%emt 0:00:19]} 19. e4 {[%emt 0:03:35]} Nd3 {[%emt 0:04:57]} 20. Bc3 {[%emt 0:00:45]} Rad8 {[%emt 0:01:25]} 21. Rf3 {[%emt 0:01:51]} Qc7 {[%emt 0:04:36]} 22. Re3 {[%emt 0:08:24]} b5 {[%emt 0:02:22]} 23. Rf1 {[%emt 0:07:02]} Kh7 {[%emt 0:00:05]} 24. e5 {[%emt 0:06:22]} b4 {[%emt 0:01:08]} 25. Ba1 {[%emt 0:00:10]} Rd5 {[%emt 0:03:09]} 26. Qe4 {[%emt 0:04:05]} Rfd8 {[%emt 0:02:44]} 27. g4 {[%emt 0:01:22]} Rd4 {[%emt 0:10:22]} 28. Bxd4 {[%emt 0:01:42]} Rxd4 {[%emt 0:00:01]} 29. Qa8 {[%emt 0:03:08]} Rd8 {[%emt 0:00:03]} 30. Qg2 {[%emt 0:02:26]} Rd4 {[%emt 0:00:51]} 31. Qe2 {[%emt 0:13:09]} c4 {[%emt 0:02:40]} 32. bxc4 {[%emt 0:08:07]} Qxc4 {[%emt 0:00:06]} 33. Rg3 a5 {[%emt 0:01:09]} 34. g5 {[%emt 0:03:33]} h5 {[%emt 0:00:58]} 35. Kh1 {[%emt 0:00:36]} Qd5+ {[%emt 0:01:15]} 36. Qf3 {[%emt 0:00:05]} Qxa2 {[%emt 0:01:03]} 37. Qb7 {[%emt 0:01:01]} Qd5+ {[%emt 0:00:31]} 38. Qxd5 {[%emt 0:00:01]} Rxd5 {[%emt 0:00:09]} 39. Re3 {[%emt 0:00:47]} b3 {[%emt 0:01:12]} 40. Rb1 {[%emt 0:00:00]} a4 {[%emt 0:00:44]} 0-1

[Event "36th Zalakaros Festival 2017"]
[Site "Zalakaros"]
[Date "2017.05.25"]
[Round "8"]
[White "Horvath, Dominik"]
[Black "Paschall, William M"]
[Result "1/2-1/2"]
[WhiteElo "2275"]
[BlackElo "2380"]
[Annotator "NA"]
[PlyCount "63"]
[EventDate "2017.??.??"]
[EventType "swiss"]
[EventCountry "HUN"]
[SourceTitle "playchess.com"]
[Source "ChessBase"]
[SourceQuality "1"]
[TimeControl "40/5400+30:1800+30"]

1. Nf3 {[%emt 0:00:02]} c5 {[%emt 0:01:35]} 2. c4 {[%emt 0:00:05]} Nc6 {[%emt 0:00:55]} 3. Nc3 {[%emt 0:00:06]} g6 {[%emt 0:00:53]} 4. e3 {[%emt 0:00:17]} Nf6 {[%emt 0:00:57]} 5. d4 {[%emt 0:00:10]} cxd4 {[%emt 0:00:58]} 6. exd4 {[%emt 0:00:12]} d5 {[%emt 0:00:14]} 7. cxd5 {[%emt 0:00:07]} Nxd5 {[%emt 0:00:15]} 8. Qb3 {[%emt 0:00:17]} e6 {[%emt 0:02:29]} 9. Bb5 {[%emt 0:02:16]} Bg7 {[%emt 0:01:35]} 10. O-O {[%emt 0:00:38]} O-O {[%emt 0:00:31]} 11. Bxc6 {[%emt 0:00:02]} bxc6 {[%emt 0:00:20]} 12. Na4 {[%emt 0:00:38]} Qd6 {[%emt 0:00:44]} 13. Bd2 {[%emt 0:03:41]} Rb8 {[%emt 0:00:55]} 14. Qc2 {[%emt 0:08:06]} Nb4 {[%emt 0:02:38]} 15. Bxb4 {[%emt 0:13:16]} Rxb4 {[%emt 0:01:43]} 16. a3 {[%emt 0:01:08]} Rb5 {[%emt 0:09:32]} 17. Rfd1 {[%emt 0:06:08]} Rf5 {[%emt 0:04:10]} 18. Qe4 {[%emt 0:05:56]} a5 {[%emt 0:16:59]} 19. Rac1 {[%emt 0:01:39]} Qb8 {[%emt 0:00:43]} 20. Qe2 {[%emt 0:07:18]} Qb5 {[%emt 0:12:15]} 21. Qxb5 {[%emt 0:16:19]} cxb5 {[%emt 0:01:11]} 22. Nc5 {[%emt 0:03:16]} Rd8 {[%emt 0:02:28]} 23. Kf1 {[%emt 0:03:52]} Rfd5 {[%emt 0:04:09]} 24. Ke2 {[%emt 0:00:18]} b4 {[%emt 0:03:24]} 25. axb4 {[%emt 0:02:14]} axb4 {[%emt 0:00:23]} 26. Ra1 {[%emt 0:06:16]} e5 {[%emt 0:10:56]} 27. dxe5 {[%emt 0:02:01]} Bxe5 {[%emt 0:00:28]} 28. Rxd5 {[%emt 0:01:18]} Rxd5 {[%emt 0:00:06]} 29. Nd3 {[%emt 0:01:13]} Bf6 {[%emt 0:05:41]} 30. Nxb4 {[%emt 0:02:39]} Rb5 {[%emt 0:01:12]} 31. Ra8 {[%emt 0:00:22]} Rxb4 {[%emt 0:00:30]} 32. Rxc8+ {[%emt 0:00:11]} 1/2-1/2

[Event "36th Zalakaros Festival 2017"]
[Site "Zalakaros"]
[Date "2017.05.25"]
[Round "8"]
[White "Sankalp Gupta"]
[Black "Arman, Deniz"]
[Result "1/2-1/2"]
[WhiteElo "2269"]
[BlackElo "2377"]
[Annotator "NA"]
[PlyCount "123"]
[EventDate "2017.??.??"]
[EventType "swiss"]
[EventCountry "HUN"]
[SourceTitle "playchess.com"]
[Source "ChessBase"]
[SourceQuality "1"]
[TimeControl "40/5400+30:1800+30"]

1. e4 {[%emt 0:00:53]} c5 {[%emt 0:01:18]} 2. Nf3 {[%emt 0:00:49]} d6 {[%emt 0:00:06]} 3. d4 {[%emt 0:00:04]} cxd4 {[%emt 0:00:08]} 4. Nxd4 {[%emt 0:00:03]} Nf6 {[%emt 0:00:08]} 5. Nc3 {[%emt 0:00:02]} a6 {[%emt 0:00:22]} 6. Bg5 {[%emt 0:00:03]} e6 {[%emt 0:01:16]} 7. f4 {[%emt 0:00:02]} Be7 {[%emt 0:00:46]} 8. Qe2 {[%emt 0:02:48]} h6 {[%emt 0:03:00]} 9. Bxf6 {[%emt 0:15:16]} Bxf6 {[%emt 0:00:08]} 10. O-O-O {[%emt 0:00:13]} Qa5 {[%emt 0:03:46]} 11. Qd2 {[%emt 0:08:52]} Qc7 {[%emt 0:12:07]} 12. g4 {[%emt 0:24:52]} Be7 {[%emt 0:02:51]} 13. Bg2 {[%emt 0:04:10]} Nc6 {[%emt 0:01:38]} 14. Nxc6 {[%emt 0:08:14]} bxc6 {[%emt 0:00:25]} 15. h4 {[%emt 0:02:56]} Rb8 {[%emt 0:01:30]} 16. g5 {[%emt 0:01:44]} h5 {[%emt 0:03:24]} 17. Bh3 {[%emt 0:04:33]} O-O {[%emt 0:10:47]} 18. f5 {[%emt 0:00:51]} exf5 {[%emt 0:20:31]} 19. exf5 {[%emt 0:02:08]} d5 {[%emt 0:00:29]} 20. Ne2 {[%emt 0:03:27]} Bd6 {[%emt 0:02:04]} 21. f6 {[%emt 0:10:10]} g6 {[%emt 0:00:26]} 22. Bxc8 {[%emt 0:02:44]} Rfxc8 {[%emt 0:00:29]} 23. Rh3 {[%emt 0:00:35]} Rb4 {[%emt 0:00:15]} 24. Kb1 {[%emt 0:02:12]} Rcb8 {[%emt 0:00:24]} 25. b3 {[%emt 0:00:31]} Qd7 {[%emt 0:02:00]} 26. Qd3 {[%emt 0:01:21]} Be5 {[%emt 0:00:13]} 27. Re3 {[%emt 0:02:15]} Qd6 {[%emt 0:00:24]} 28. Ng1 {[%emt 0:01:29]} Rd4 {[%emt 0:18:58]} 29. Qe2 {[%emt 0:00:02]} Rxd1+ {[%emt 0:00:12]} 30. Qxd1 {[%emt 0:00:02]} Bg3 {[%emt 0:00:49]} 31. Nf3 {[%emt 0:00:43]} Qf8 {[%emt 0:08:56]} 32. Qe2 {[%emt 0:01:01]} a5 {[%emt 0:02:46]} 33. Nd4 {[%emt 0:00:51]} Bxh4 {[%emt 0:00:47]} 34. Nxc6 {[%emt 0:00:08]} Bxg5 {[%emt 0:01:13]} 35. Re5 {[%emt 0:00:44]} Bxf6 {[%emt 0:02:43]} 36. Nxb8 {[%emt 0:00:01]} Bxe5 {[%emt 0:00:38]} 37. Qxe5 {[%emt 0:00:02]} f6 {[%emt 0:00:31]} 38. Qxd5+ {[%emt 0:00:21]} Kg7 {[%emt 0:00:16]} 39. Nc6 {[%emt 0:00:57]} h4 {[%emt 0:00:27]} 40. Nd4 {[%emt 0:00:00]} Qe7 {[%emt 0:00:47]} 41. Ne6+ {[%emt 0:03:07]} Kh6 {[%emt 0:00:27]} 42. Qe4 {[%emt 0:18:20]} Qb4 {[%emt 0:02:01]} 43. Nd4 {[%emt 0:09:11]} g5 {[%emt 0:07:55]} 44. Nf5+ {[%emt 0:00:31]} Kh5 {[%emt 0:02:22]} 45. Ng7+ {[%emt 0:00:02]} Kh6 {[%emt 0:00:07]} 46. Nf5+ {[%emt 0:00:01]} Kh5 {[%emt 0:00:04]} 47. Qe2+ {[%emt 0:03:25]} g4 {[%emt 0:01:06]} 48. Qe3 {[%emt 0:00:06]} Qf8 {[%emt 0:02:58]} 49. Qf2 {[%emt 0:01:02]} Kg5 {[%emt 0:00:06]} 50. Nxh4 {[%emt 0:00:30]} f5 {[%emt 0:00:03]} 51. Qg3 {[%emt 0:00:33]} Qe7 {[%emt 0:00:52]} 52. Nf3+ {[%emt 0:00:11]} Kh5 {[%emt 0:00:04]} 53. Qh2+ {[%emt 0:00:30]} Kg6 {[%emt 0:00:04]} 54. Ne5+ {[%emt 0:00:30]} Kg5 {[%emt 0:03:08]} 55. Qd2+ {[%emt 0:00:28]} f4 {[%emt 0:00:28]} 56. Qd5 {[%emt 0:00:02]} Qf6 {[%emt 0:01:05]} 57. Qg8+ {[%emt 0:00:28]} Kf5 {[%emt 0:00:36]} 58. Nxg4 {[%emt 0:00:06]} Qh4 {[%emt 0:00:36]} 59. Qc8+ {[%emt 0:00:41]} Kg5 {[%emt 0:00:07]} 60. Qg8+ {[%emt 0:01:18]} Kf5 {[%emt 0:00:04]} 61. Qc8+ {[%emt 0:00:38]} Kg5 {[%emt 0:00:04]} 62. Qg8+ {[%emt 0:00:39]} 1/2-1/2

[Event "36th Zalakaros Festival 2017"]
[Site "Zalakaros"]
[Date "2017.05.25"]
[Round "8"]
[White "Varga, Klara"]
[Black "Papp, Petra"]
[Result "1/2-1/2"]
[WhiteElo "2240"]
[BlackElo "2371"]
[Annotator "NA"]
[PlyCount "136"]
[EventDate "2017.??.??"]
[EventType "swiss"]
[EventCountry "HUN"]
[SourceTitle "playchess.com"]
[Source "ChessBase"]
[SourceQuality "1"]
[TimeControl "40/5400+30:1800+30"]

1. c4 {[%emt 0:04:47]} e5 {[%emt 0:01:00]} 2. g3 {[%emt 0:00:14]} Nc6 {[%emt 0:00:27]} 3. Bg2 {[%emt 0:00:05]} Bc5 {[%emt 0:00:47]} 4. e3 {[%emt 0:00:40]} d6 {[%emt 0:00:33]} 5. Nc3 {[%emt 0:01:55]} a6 {[%emt 0:00:14]} 6. Nge2 {[%emt 0:00:25]} Ba7 {[%emt 0:00:26]} 7. d4 {[%emt 0:00:56]} Nf6 {[%emt 0:00:44]} 8. O-O {[%emt 0:01:37]} O-O {[%emt 0:00:18]} 9. h3 {[%emt 0:16:36]} h6 {[%emt 0:00:32]} 10. Kh2 {[%emt 0:08:08]} Re8 {[%emt 0:01:18]} 11. b3 {[%emt 0:04:55]} Bf5 {[%emt 0:01:12]} 12. Nd5 {[%emt 0:09:04]} exd4 {[%emt 0:05:17]} 13. Bb2 {[%emt 0:04:21]} Be4 {[%emt 0:10:50]} 14. Nef4 {[%emt 0:14:32]} Bxg2 {[%emt 0:12:06]} 15. Kxg2 {[%emt 0:00:14]} Nxd5 {[%emt 0:02:16]} 16. cxd5 {[%emt 0:03:18]} Ne5 {[%emt 0:01:16]} 17. Bxd4 {[%emt 0:00:06]} Bxd4 {[%emt 0:00:30]} 18. Qxd4 {[%emt 0:00:02]} Qf6 {[%emt 0:02:50]} 19. f3 {[%emt 0:01:21]} a5 {[%emt 0:06:40]} 20. Rac1 {[%emt 0:05:18]} Re7 {[%emt 0:01:56]} 21. Nh5 {[%emt 0:01:32]} Qg6 {[%emt 0:05:21]} 22. g4 {[%emt 0:01:38]} Qd3 {[%emt 0:01:08]} 23. Rcd1 {[%emt 0:10:11]} Qxd4 {[%emt 0:01:53]} 24. Rxd4 {[%emt 0:00:01]} c5 {[%emt 0:00:39]} 25. Re4 {[%emt 0:03:01]} Ng6 {[%emt 0:02:51]} 26. Ng3 {[%emt 0:00:17]} b5 {[%emt 0:02:06]} 27. f4 {[%emt 0:02:46]} Ra6 {[%emt 0:04:03]} 28. Rd1 {[%emt 0:01:06]} Kf8 {[%emt 0:01:49]} 29. Kf2 {[%emt 0:01:47]} a4 {[%emt 0:01:34]} 30. b4 {[%emt 0:01:44]} Rxe4 {[%emt 0:04:02]} 31. Nxe4 {[%emt 0:00:03]} cxb4 {[%emt 0:00:13]} 32. Rb1 {[%emt 0:00:54]} b3 {[%emt 0:01:18]} 33. axb3 {[%emt 0:00:01]} Ke7 {[%emt 0:11:32]} 34. Nc3 {[%emt 0:00:23]} a3 {[%emt 0:01:28]} 35. Nxb5 {[%emt 0:00:40]} Ra5 {[%emt 0:02:30]} 36. Nc3 {[%emt 0:02:08]} Rc5 {[%emt 0:03:02]} 37. Rc1 {[%emt 0:00:18]} Kd7 {[%emt 0:00:44]} 38. b4 {[%emt 0:00:56]} Rc4 {[%emt 0:05:58]} 39. Na2 {[%emt 0:00:02]} Rxc1 {[%emt 0:00:59]} 40. Nxc1 {[%emt 0:00:00]} Kc7 {[%emt 0:00:08]} 41. Na2 {[%emt 0:00:19]} Ne7 {[%emt 0:01:27]} 42. e4 {[%emt 0:01:52]} g5 {[%emt 0:02:44]} 43. f5 {[%emt 0:06:55]} Ng8 {[%emt 0:02:42]} 44. Nc3 {[%emt 0:00:41]} Kb6 {[%emt 0:08:28]} 45. Ke3 {[%emt 0:01:30]} Nf6 {[%emt 0:00:10]} 46. Kd4 {[%emt 0:05:41]} Nd7 {[%emt 0:05:10]} 47. Kc4 {[%emt 0:00:19]} Nf6 {[%emt 0:00:58]} 48. Kb3 {[%emt 0:00:30]} h5 {[%emt 0:00:07]} 49. gxh5 {[%emt 0:06:24]} Nxh5 {[%emt 0:00:02]} 50. Kxa3 {[%emt 0:10:12]} Nf4 {[%emt 0:00:15]} 51. Kb3 {[%emt 0:00:04]} Nxh3 {[%emt 0:00:19]} 52. Ne2 {[%emt 0:01:13]} Nf2 {[%emt 0:02:22]} 53. Ng3 {[%emt 0:00:02]} Nd3 {[%emt 0:00:47]} 54. Kc3 {[%emt 0:01:18]} Ne5 {[%emt 0:00:24]} 55. f6 {[%emt 0:01:14]} Nd7 {[%emt 0:03:28]} 56. Nf5 {[%emt 0:00:49]} Kc7 {[%emt 0:00:44]} 57. Kd4 {[%emt 0:00:16]} g4 {[%emt 0:01:04]} 58. b5 {[%emt 0:00:43]} Nxf6 {[%emt 0:00:46]} 59. b6+ {[%emt 0:00:14]} Kxb6 {[%emt 0:01:13]} 60. Nxd6 {[%emt 0:00:02]} g3 {[%emt 0:00:09]} 61. Nc4+ {[%emt 0:00:05]} Kc7 {[%emt 0:02:16]} 62. Ne3 {[%emt 0:00:05]} Ng4 {[%emt 0:03:23]} 63. e5 {[%emt 0:00:03]} Kd7 {[%emt 0:03:42]} 64. Ke4 {[%emt 0:00:38]} f5+ {[%emt 0:01:51]} 65. exf6 {[%emt 0:02:16]} Nxf6+ {[%emt 0:00:11]} 66. Kf3 {[%emt 0:00:07]} Kd6 {[%emt 0:00:09]} 67. Kxg3 {[%emt 0:00:03]} Nxd5 {[%emt 0:00:02]} 68. Nxd5 {[%emt 0:00:07]} Kxd5 {[%emt 0:00:01]} 1/2-1/2

[Event "36th Zalakaros Festival 2017"]
[Site "Zalakaros"]
[Date "2017.05.25"]
[Round "8"]
[White "Czupor, Attila"]
[Black "Szalanczy, Emil"]
[Result "1-0"]
[WhiteElo "2230"]
[BlackElo "2230"]
[Annotator "NA"]
[PlyCount "63"]
[EventDate "2017.??.??"]
[EventType "swiss"]
[EventCountry "HUN"]
[SourceTitle "playchess.com"]
[Source "ChessBase"]
[SourceQuality "1"]
[TimeControl "40/5400+30:1800+30"]

1. e4 {[%emt 0:00:32]} c5 {[%emt 0:00:34]} 2. Nf3 {[%emt 0:00:18]} d6 {[%emt 0:00:02]} 3. d4 {[%emt 0:00:15]} cxd4 {[%emt 0:00:10]} 4. Nxd4 {[%emt 0:00:08]} Nf6 {[%emt 0:00:05]} 5. Nc3 {[%emt 0:00:07]} g6 {[%emt 0:00:10]} 6. Be3 {[%emt 0:00:09]} Bg7 {[%emt 0:00:02]} 7. f3 {[%emt 0:00:08]} Nc6 {[%emt 0:00:02]} 8. Qd2 {[%emt 0:00:06]} O-O {[%emt 0:00:05]} 9. O-O-O {[%emt 0:00:05]} Nxd4 {[%emt 0:00:28]} 10. Bxd4 {[%emt 0:00:08]} Be6 {[%emt 0:00:05]} 11. Kb1 {[%emt 0:01:09]} Rc8 {[%emt 0:00:03]} 12. g4 {[%emt 0:00:43]} Nd7 {[%emt 0:00:36]} 13. Bxg7 {[%emt 0:01:20]} Kxg7 {[%emt 0:00:03]} 14. Nd5 {[%emt 0:02:27]} Ne5 {[%emt 0:01:09]} 15. Be2 {[%emt 0:04:00]} Bxd5 {[%emt 0:02:55]} 16. exd5 {[%emt 0:00:15]} Qb6 {[%emt 0:00:39]} 17. h4 {[%emt 0:02:19]} f6 {[%emt 0:10:01]} 18. f4 {[%emt 0:14:53]} Nf7 {[%emt 0:03:02]} 19. Bd3 {[%emt 0:14:17]} Qd4 {[%emt 0:06:41]} 20. Qh2 {[%emt 0:03:44]} Qa4 {[%emt 0:08:14]} 21. g5 {[%emt 0:12:45]} f5 {[%emt 0:10:31]} 22. h5 {[%emt 0:00:43]} Rh8 {[%emt 0:00:29]} 23. Rde1 {[%emt 0:09:30]} Rce8 {[%emt 0:09:27]} 24. c4 {[%emt 0:06:03]} Qa5 {[%emt 0:13:25]} 25. Qc2 {[%emt 0:02:30]} Rhg8 {[%emt 0:03:54]} 26. Re6 {[%emt 0:09:48]} Nd8 {[%emt 0:06:26]} 27. hxg6 {[%emt 0:11:38]} hxg6 {[%emt 0:00:55]} 28. Rxg6+ {[%emt 0:00:52]} Kxg6 {[%emt 0:02:18]} 29. Bxf5+ {[%emt 0:00:04]} Kg7 {[%emt 0:01:15]} 30. Rh7+ {[%emt 0:00:04]} Kf8 {[%emt 0:00:15]} 31. Qh2 {[%emt 0:00:06]} Nf7 {[%emt 0:07:12]} 32. Rxf7+ {[%emt 0:00:11] Qe1+ Kc2+} 1-0

[Event "36th Zalakaros Festival 2017"]
[Site "Zalakaros"]
[Date "2017.05.25"]
[Round "8"]
[White "Hardicsay, Peter"]
[Black "Krykun, Yuriy"]
[Result "0-1"]
[WhiteElo "2218"]
[BlackElo "2308"]
[Annotator "NA"]
[PlyCount "76"]
[EventDate "2017.??.??"]
[EventType "swiss"]
[EventCountry "HUN"]
[SourceTitle "playchess.com"]
[Source "ChessBase"]
[SourceQuality "1"]
[TimeControl "40/5400+30:1800+30"]

1. Nf3 {[%emt 0:00:03]} c5 {[%emt 0:03:04]} 2. b3 {[%emt 0:00:32]} d6 {[%emt 0:02:05]} 3. Bb2 {[%emt 0:05:47]} e5 {[%emt 0:00:40]} 4. e4 {[%emt 0:03:04]} Nc6 {[%emt 0:02:22]} 5. Bc4 {[%emt 0:03:47]} Be7 {[%emt 0:01:14]} 6. Nc3 {[%emt 0:03:05]} Nf6 {[%emt 0:00:29]} 7. h3 {[%emt 0:05:14]} O-O {[%emt 0:00:41]} 8. d3 {[%emt 0:04:22]} Na5 {[%emt 0:03:42]} 9. Nd2 {[%emt 0:01:13]} Nxc4 {[%emt 0:01:57]} 10. dxc4 {[%emt 0:11:11]} Ne8 {[%emt 0:04:15]} 11. Qe2 {[%emt 0:12:16]} Nc7 {[%emt 0:04:56]} 12. O-O-O {[%emt 0:01:09]} a6 {[%emt 0:00:50]} 13. Kb1 {[%emt 0:00:17]} b5 {[%emt 0:13:02]} 14. Nd5 {[%emt 0:11:00]} Nxd5 {[%emt 0:03:10]} 15. exd5 {[%emt 0:05:04]} b4 {[%emt 0:07:25]} 16. g4 {[%emt 0:07:03]} Bg5 {[%emt 0:02:34]} 17. Ne4 {[%emt 0:01:37]} Bf4 {[%emt 0:01:02]} 18. Bc1 {[%emt 0:02:33]} Bxc1 {[%emt 0:05:34]} 19. Rxc1 {[%emt 0:00:03]} f5 {[%emt 0:00:17]} 20. Nd2 {[%emt 0:06:27]} a5 {[%emt 0:06:40]} 21. c3 {[%emt 0:08:11]} Bd7 {[%emt 0:07:46]} 22. cxb4 {[%emt 0:02:42]} axb4 {[%emt 0:00:07]} 23. Rc2 {[%emt 0:00:05]} fxg4 {[%emt 0:01:55]} 24. hxg4 {[%emt 0:00:08]} Be8 {[%emt 0:00:07]} 25. f3 {[%emt 0:00:42]} Bg6 {[%emt 0:00:05]} 26. Ne4 {[%emt 0:00:01]} Rf4 {[%emt 0:00:23]} 27. Kc1 {[%emt 0:01:04]} Bxe4 {[%emt 0:00:16]} 28. fxe4 {[%emt 0:00:03]} Qg5 {[%emt 0:00:08]} 29. Kb1 {[%emt 0:00:25]} Raf8 {[%emt 0:01:51]} 30. a4 {[%emt 0:00:18]} bxa3 {[%emt 0:01:17]} 31. Ka2 {[%emt 0:00:09]} Qxg4 {[%emt 0:02:05]} 32. Qh2 {[%emt 0:00:36]} Qg6 {[%emt 0:01:28]} 33. Rg1 {[%emt 0:03:10]} Qxe4 {[%emt 0:00:27]} 34. Rcg2 {[%emt 0:00:45]} g6 {[%emt 0:00:32]} 35. Qh6 {[%emt 0:00:44]} Rf2+ {[%emt 0:00:13]} 36. Rxf2 {[%emt 0:00:06]} Rxf2+ {[%emt 0:00:05]} 37. Kxa3 {[%emt 0:00:07]} Qc2 {[%emt 0:01:05]} 38. Ka4 {[%emt 0:00:24]} Rf7 {[%emt 0:00:22]} 0-1

[Event "36th Zalakaros Festival 2017"]
[Site "Zalakaros"]
[Date "2017.05.25"]
[Round "8"]
[White "Havanecz, Bianka"]
[Black "Almasi, Istvan"]
[Result "1/2-1/2"]
[WhiteElo "2210"]
[BlackElo "2398"]
[Annotator "NA"]
[PlyCount "63"]
[EventDate "2017.??.??"]
[EventType "swiss"]
[EventCountry "HUN"]
[SourceTitle "playchess.com"]
[Source "ChessBase"]
[SourceQuality "1"]
[TimeControl "40/5400+30:1800+30"]

1. d4 {[%emt 0:00:02]} Nf6 {[%emt 0:06:13]} 2. Bf4 {[%emt 0:00:07]} c5 {[%emt 0:02:20]} 3. d5 {[%emt 0:00:08]} b5 {[%emt 0:08:18]} 4. a4 {[%emt 0:00:09]} Bb7 {[%emt 0:02:07]} 5. e4 {[%emt 0:00:20]} Nxe4 6. axb5 {[%emt 0:00:13]} d6 {[%emt 0:06:48]} 7. Nf3 {[%emt 0:03:16]} g6 {[%emt 0:01:02]} 8. c4 {[%emt 0:14:32]} Bg7 {[%emt 0:00:18]} 9. Bd3 {[%emt 0:04:36]} Nf6 {[%emt 0:00:42]} 10. Qd2 {[%emt 0:02:40]} a6 {[%emt 0:03:17]} 11. Nc3 {[%emt 0:01:43]} axb5 {[%emt 0:05:22]} 12. Rxa8 {[%emt 0:00:07]} Bxa8 {[%emt 0:00:03]} 13. Nxb5 {[%emt 0:00:06]} Na6 {[%emt 0:02:35]} 14. O-O {[%emt 0:04:05]} O-O {[%emt 0:00:44]} 15. Bh6 {[%emt 0:01:42]} Bxh6 {[%emt 0:11:26]} 16. Qxh6 {[%emt 0:00:06]} e6 {[%emt 0:00:05]} 17. Qf4 {[%emt 0:48:41]} Nb4 {[%emt 0:02:00]} 18. Bb1 {[%emt 0:00:38]} exd5 {[%emt 0:01:55]} 19. Nxd6 {[%emt 0:06:33]} Nh5 {[%emt 0:16:33]} 20. Qe5 {[%emt 0:00:05]} Nc6 {[%emt 0:00:26]} 21. Qxd5 {[%emt 0:00:38]} Nd4 {[%emt 0:00:48]} 22. Qxc5 {[%emt 0:00:51]} Ne2+ {[%emt 0:03:35]} 23. Kh1 {[%emt 0:00:10]} Bxf3 {[%emt 0:00:08]} 24. gxf3 {[%emt 0:00:46]} Qh4 {[%emt 0:00:40]} 25. Nc8 {[%emt 0:03:29]} Qh3 {[%emt 0:11:21]} 26. Ne7+ {[%emt 0:00:20]} Kg7 {[%emt 0:00:27]} 27. Nf5+ {[%emt 0:02:37]} gxf5 {[%emt 0:04:27]} 28. Qe5+ {[%emt 0:00:05]} Kh6 {[%emt 0:00:54]} 29. Qd6+ {[%emt 0:01:13]} Kg7 {[%emt 0:03:33]} 30. Qe5+ {[%emt 0:00:05]} Kh6 {[%emt 0:01:18]} 31. Qd6+ {[%emt 0:00:05]} Kg7 {[%emt 0:03:14]} 32. Qe5+ {[%emt 0:00:05]} 1/2-1/2